Normal view
MARC view
- Metallurgical Society of AIME
Entry Corporate Name
001 - CONTROL NUMBER
- control field: 47191
003 - CONTROL NUMBER IDENTIFIER
- control field: NUST
005 - DATE AND TIME OF LATEST TRANSACTION
- control field: 20210314133739.0
008 - FIXED-LENGTH DATA ELEMENTS
- fixed length control field: 210314|| aca||aabn | a|a d
040 ## - CATALOGING SOURCE
- Original cataloging agency: NUST
- Transcribing agency: NUST
110 ## - HEADING--CORPORATE NAME
- Corporate name or jurisdiction name as entry element: Metallurgical Society of AIME
670 ## - SOURCE DATA FOUND
- Source citation: Work cat.: (NUST): P.Ramakrishnan 47189, Advances in composite materials :, 1980.
